000 00203nam a2200073Ia 4500
008 170524s9999 xx 000 0 und d
100 _aDESI- VASANT
245 0 _aSMALL-SCALE INDUSTRIES AND ENTEREPRENERSHIP
260 _bHIMALYA PUB. HOUSE
999 _c8324
_d8324